000 00925nam a22002177a 4500
005 20171128160739.0
010 _aUR-9834
020 6 _c200.00
035 _aU-8389
037 _bDBAD/PUB
082 _a270
100 _aمو لا نا سید جلاالد ین عمر ی
245 _aا سلا م کی د عو ت
_c مو لا نا سید جلاالد ین عمر ی
246 _b
_aIslam ki Dawat
250 _aby Moulana Sayyed Jalaluddin Umari
260 _a نئی د لی
_bMerkazi Maktaba Islami Publishers
_c2015
270 _aD307,Dawat Nagar,Abul Fazal Enclave,Jamia Nagar ,
_b New Delhi
_e110025
_k01126971652
_l-
300 _a344ص
_c22 Cm.(B.b)
500 _aدو حصہ
942 _2ddc
_cUR
_h270
_m ج ل ا
_e
999 _c146807
_d146807